Statystyki dla Mapa Afryki z losowo połączonymi państwami

Kliknij tutaj aby rozwiązać quiz!

Ogólne statystyki

  • Ten quiz został rozwiązany 3 585 razy
  • Średni wynik to 10 z 12

Odpowiedzi na mapie

Odpowiedzi skodowane kolorowo w zielono-czerwonej skali na mapie do tego quizu, zgodnie z poniższymi procentami.
 

Statystyki odpowiedzi

Kraj% Poprawnych
KrajeAlgieria
98%
KrajeAlgieria
98%
KrajeEgipt
98%
KrajeEgipt
98%
KrajeDemokratyczna Republika Konga
97%
KrajeLibia
97%
KrajeMaroko
97%
KrajeNiger
97%
KrajeNiger
97%
KrajeSudan
97%
KrajeAlgieria
96%
KrajeAlgieria
96%
KrajeAlgieria
95%
KrajeLibia
95%
KrajeLibia
95%
KrajeNiger
95%
KrajeSudan
95%
KrajeSudan
95%
KrajeCzad
94%
KrajeDemokratyczna Republika Konga
94%
KrajeDemokratyczna Republika Konga
94%
KrajeLibia
94%
KrajeLibia
94%
KrajeNiger
94%
KrajeRepublika Południowej Afryki
94%
KrajeCzad
93%
KrajeDemokratyczna Republika Konga
93%
KrajeEtiopia
93%
KrajeMaroko
93%
KrajeNigeria
93%
KrajeSudan
93%
KrajeSudan
93%
KrajeCzad
92%
KrajeRepublika Południowej Afryki
92%
KrajeSudan
92%
KrajeAngola
91%
KrajeCzad
91%
KrajeSudan Południowy
91%
KrajeCzad
90%
KrajeMali
90%
KrajeNiger
90%
KrajeAngola
89%
KrajeDemokratyczna Republika Konga
89%
KrajeEtiopia
89%
KrajeEtiopia
89%
KrajeMali
89%
KrajeNiger
89%
KrajeKenia
88%
KrajeMali
88%
KrajeSudan Południowy
88%
KrajeSudan Południowy
88%
KrajeAngola
87%
KrajeKenia
87%
KrajeKongo
87%
KrajeMali
87%
KrajeNamibia
87%
KrajeNamibia
86%
KrajeRepublika Środkowoafrykańska
86%
KrajeDemokratyczna Republika Konga
85%
KrajeRepublika Południowej Afryki
85%
KrajeSomalia
85%
KrajeSomalia
85%
KrajeEtiopia
84%
KrajeKenia
84%
KrajeKongo
84%
KrajeMali
84%
KrajeNamibia
84%
KrajeNigeria
84%
KrajeSudan
84%
KrajeZambia
84%
KrajeKamerun
83%
KrajeMali
83%
KrajeRepublika Środkowoafrykańska
83%
KrajeTanzania
83%
KrajeMauretania
82%
KrajeMauretania
82%
KrajeMozambik
82%
KrajeRepublika Środkowoafrykańska
82%
KrajeRepublika Środkowoafrykańska
82%
KrajeKamerun
81%
KrajeKongo
81%
KrajeMauretania
81%
KrajeMozambik
81%
KrajeRepublika Południowej Afryki
81%
KrajeSudan Południowy
81%
KrajeTunezja
80%
KrajeBotswana
79%
KrajeKamerun
79%
KrajeLibia
79%
KrajeMozambik
79%
KrajeMozambik
79%
KrajeSudan Południowy
79%
KrajeTanzania
79%
KrajeUganda
79%
KrajeWybrzeże Kości Słoniowej
79%
KrajeZambia
79%
KrajeBotswana
78%
KrajeErytrea
78%
KrajeMali
78%
KrajeUganda
78%
KrajeWybrzeże Kości Słoniowej
78%
KrajeGhana
77%
KrajeKamerun
77%
KrajeKongo
77%
KrajeRepublika Środkowoafrykańska
77%
KrajeSenegal
77%
KrajeBurkina Faso
76%
KrajeGhana
76%
KrajeGwinea
76%
KrajeNigeria
76%
KrajeSenegal
76%
KrajeSenegal
76%
KrajeWybrzeże Kości Słoniowej
76%
KrajeWybrzeże Kości Słoniowej
76%
KrajeGwinea
75%
KrajeMauretania
75%
KrajeRepublika Środkowoafrykańska
75%
KrajeZambia
75%
KrajeZimbabwe
75%
KrajeEtiopia
74%
KrajeAlgieria
73%
KrajeZimbabwe
73%
KrajeBurkina Faso
72%
KrajeErytrea
72%
KrajeZambia
72%
KrajeBurkina Faso
71%
KrajeGwinea
71%
KrajeLiberia
71%
KrajeTunezja
71%
KrajeWybrzeże Kości Słoniowej
71%
KrajeGwinea
69%
KrajeKenia
69%
KrajeLesotho
69%
KrajeUganda
68%
KrajeBurkina Faso
67%
KrajeGwinea
67%
KrajeLiberia
67%
KrajeTogo
67%
KrajeGhana
66%
KrajeBotswana
65%
KrajeSierra Leone
65%
KrajeZimbabwe
65%
KrajeGabon
63%
KrajeLiberia
63%
KrajeTogo
62%
KrajeBenin
61%
KrajeBenin
60%
KrajeMozambik
60%
KrajeSierra Leone
59%
KrajeMalawi
53%

Rozkład punktacji

Percentyl według liczby udzielonych odpowiedzi

Procent ludzi z każdym wynikiem

Twoja historia wyników

Nie rozwiązałeś tego quizu